Improving electoral participation in India (Record no. 513865)

000 -LEADER
fixed length control field 00419nam a22001457a 4500
008 - FIXED-LENGTH DATA ELEMENTS--GENERAL INFORMATION
fixed length control field 200914b ||||| |||| 00| 0 eng d
100 ## - MAIN ENTRY--PERSONAL NAME
Personal name Singh, Ranbir
245 ## - TITLE STATEMENT
Title Improving electoral participation in India
260 ## - PUBLICATION, DISTRIBUTION, ETC. (IMPRINT)
Place of publication, distribution, etc The Administrator
300 ## - PHYSICAL DESCRIPTION
Extent 60(1), Jan2020. p. 231-239
650 ## - SUBJECT ADDED ENTRY--TOPICAL TERM
Topical term or geographic name as entry element Electoral Management
9 (RLIN) 17670
773 ## - HOST ITEM ENTRY
Main entry heading The Administrator
906 ## - LOCAL DATA ELEMENT F, LDF (RLIN)
Subject DIP ELECTIONS - INDIA
942 ## - ADDED ENTRY ELEMENTS (KOHA)
Item type Articles
Holdings
Withdrawn status Lost status Source of classification or shelving scheme Damaged status Not for loan Permanent location Current location Date acquired Serial Enumeration / chronology Barcode Date last seen Koha item type
          Indian Institute of Public Administration Indian Institute of Public Administration 2020-09-14 60(1), Jan 2020. p. 231-239 AR122952 2020-09-14 Articles

Powered by Koha